| 000 | 00000nam 2200000za 4500 |
| 001 | 9.630050 |
| 003 | CaOODSP |
| 005 | 20221107134305 |
| 007 | cr ||||||||||| |
| 008 | 150407s2015 oncao|||ob f001 0 eng d |
| 020 | |a978-1-100-25952-9|q(Hight resolution) |
| 020 | |a978-1-100-25768-6|q(Low resolution) |
| 040 | |aCaOODSP|beng |
| 043 | |an-cn--- |
| 086 | 1 |aA59-23/2015E-PDF1 |
| 086 | 1 |aA59-23/2015E-PDF |
| 100 | 1 |aPhilip, Hugh. |
| 245 | 10|aField crop and forage pests and their natural enemies in western Canada |h[electronic resource] : |bidentification and management field guide. |
| 260 | |a[Ottawa] : |bAgriculture and Agri-Food Canada, |cc2015. |
| 300 | |a150 p. : |bphotos, figures. |
| 500 | |aIssued also in French under title: Guide d’identification des ravageurs des grandes cultures et des cultures fourragères et de leurs ennemis naturels et mesures de lutte applicables à l’Ouest canadien. |
| 500 | |a"Prepared for Agriculture and Agri-Food Canada by Hugh Philip, IPM GO Consulting Service." |
| 504 | |aIncludes bibliographical references and index. |
| 692 | 07|2gccst|aPests |
| 692 | 07|2gccst|aCrops |
| 710 | 1 |aCanada. |bAgriculture and Agri-Food Canada. |
| 775 | 08|tGuide d'identification des ravageurs des grandes cultures et des cultures fourragères et de leurs ennemis naturels et mesures de lutte applicables à l'Ouest canadien |w(CaOODSP)9.677644 |
| 794 | |tField crop and forage pests and their natural enemies in Western Canada |w(CaOODSP)9.852934 |
| 856 | 40|qPDF|s7.59 MB|uhttps://publications.gc.ca/collections/collection_2015/aac-aafc/A59-23-2015-PDF1-eng.pdf|z(High resolution) |
| 856 | 40|qPDF|s6.73 MB|uhttps://publications.gc.ca/collections/collection_2015/aac-aafc/A59-23-2015-eng.pdf|z(Low resolution) |
| 986 | |aAAFC No. 12346E [High resolution] |
| 986 | |aAAFC No. 12327E [Low resolution] |